000 00372 a2200121 4500
020 _a0658002198
082 _a808.06662 RES
245 _aResumes for engineering careers /
_cthe editors of VGM Career Horizons.
250 _a2nd ed.
260 _aChicago, Ill. :
_bVGM Career Horizons,
_cc2000.
300 _avii, 152 p. ;
_c28 cm.
650 _aEngineers
_xEmployment.
650 _aRésumés (Employment)
999 _c1910
_d1910